000 00256nam a22001217a 4500
008 170511b xxu||||| |||| 00| 0 eng d
041 _aeng
080 _a34
100 _a15
101 _aSHJ
245 _aPERSONNEL LAW
_cSOVEREIGN.K.L
942 _2udc
_cBK
999 _c13080
_d13080